О возможности изменения формы частиц порошковой композиции системы Al-Si-Mg в шаровой мельнице; Инновационные технологии в машиностроении
| Parent link: | Инновационные технологии в машиностроении.— 2024.— С. 24-26 |
|---|---|
| 1. Verfasser: | |
| Körperschaft: | |
| Weitere Verfasser: | |
| Zusammenfassung: | В данной статье приводятся результаты предварительного эксперимента, которые подтверждают возможность изменять форму частиц порошковой композиции системы Al-Si-Mg под различным воздействием мелющих тел в шаровой мельнице This article presents the results of a preliminary experiment that confirms the ability to change the shape of particles of a powder composition of the Al-Si-Mg system under various influences of grinding media in a ball mill Текстовый файл |
| Sprache: | Russisch |
| Veröffentlicht: |
2024
|
| Schriftenreihe: | Технологии получения и обработки материалов в машиностроении |
| Schlagworte: | |
| Online-Zugang: | http://earchive.tpu.ru/handle/11683/80001 |
| Format: | Elektronisch Buchkapitel |
| KOHA link: | https://koha.lib.tpu.ru/cgi-bin/koha/opac-detail.pl?biblionumber=672896 |
MARC
| LEADER | 00000naa2a2200000 4500 | ||
|---|---|---|---|
| 001 | 672896 | ||
| 005 | 20240624091603.0 | ||
| 090 | |a 672896 | ||
| 100 | |a 20240603d2024 k||y0rusy50 ca | ||
| 101 | 0 | |a rus | |
| 102 | |a RU | ||
| 135 | |a drcn ---uucaa | ||
| 200 | 1 | |a О возможности изменения формы частиц порошковой композиции системы Al-Si-Mg в шаровой мельнице |f Е. А. Ибрагимов, А. А. Сапрыкин |g Национальный исследовательский Томский политехнический университет | |
| 225 | 1 | |a Технологии получения и обработки материалов в машиностроении | |
| 283 | |2 RDAcarrier | ||
| 320 | |a Список использованных источников: 2 назв. | ||
| 330 | |a В данной статье приводятся результаты предварительного эксперимента, которые подтверждают возможность изменять форму частиц порошковой композиции системы Al-Si-Mg под различным воздействием мелющих тел в шаровой мельнице | ||
| 330 | |a This article presents the results of a preliminary experiment that confirms the ability to change the shape of particles of a powder composition of the Al-Si-Mg system under various influences of grinding media in a ball mill | ||
| 336 | |a Текстовый файл | ||
| 463 | 1 | |0 672882 |9 672882 |c Томск |d 2024 |n Изд-во ТПУ |t Инновационные технологии в машиностроении |o сборник трудов XV Международной научно-практической конференции, г. Юрга, 23–25 мая 2024 г. |a Солодский, С. А. (специалист в области экологии и безопасности жизнедеятельности ; 1980-) |u conference_tpu-2024-C30.pdf |v С. 24-26 | |
| 610 | 1 | |a труды учёных ТПУ | |
| 610 | 1 | |a электронный ресурс | |
| 610 | 1 | |a механическая активация | |
| 610 | 1 | |a режимы движения | |
| 610 | 1 | |a планетарная мельница | |
| 610 | 1 | |a шаровая мельница | |
| 700 | 1 | |a Ибрагимов |b Е. А. |c специалист в области машиностроения |c старший преподаватель Юргинского технологического института (филиала) Томского политехнического университета, кандидат технических наук |f 1983- |g Егор Артурович |9 12741 | |
| 701 | 1 | |a Сапрыкин |b А. А. |c специалист в области машиностроения |c заведующий кафедрой Юргинского технологического института (филиала) Томского политехнического университета, кандидат технических наук |f 1977- |g Александр Александрович |9 10727 | |
| 712 | 0 | 2 | |a Национальный исследовательский Томский политехнический университет |c (2009- ) |9 26305 |
| 801 | 0 | |a RU |b 63413507 |c 20240603 | |
| 850 | |a 63413507 | ||
| 856 | 4 | |u http://earchive.tpu.ru/handle/11683/80001 |z http://earchive.tpu.ru/handle/11683/80001 | |
| 942 | |c CF | ||